000 00347nam a22001337a 4500
082 _a001
_bWES/B
100 _aWEST,JUDITH
245 _aBRITANICA LEARNING LIBRARY
246 _aBRITANICA LEARNING LIBRARY
_bBRITANICA LEARNING LIBRARY
260 _aNEW DELHI
_bENCYCLOPEDIA BRITANICA
_c2006
300 _a575
650 _aENCYCLOPEDIA
942 _cBK
999 _c9010
_d9010